Chinese myths & legends : (Record no. 611328)

000 -LEADER
fixed length control field 01102cam a22003134a 4500
001 - CONTROL NUMBER
control field 15806218
005 - DATE AND TIME OF LATEST TRANSACTION
control field 20240902154212.0
008 - FIXED-LENGTH DATA ELEMENTS--GENERAL INFORMATION
fixed length control field 090707s2009 cc a 000 0 eng
010 ## - LIBRARY OF CONGRESS CONTROL NUMBER
LC control number 2009446772
020 ## - INTERNATIONAL STANDARD BOOK NUMBER
International Standard Book Number 9787508513232
040 ## - CATALOGING SOURCE
Original cataloging agency DLC
Transcribing agency DLC
041 1# - LANGUAGE CODE
Language code of text/sound track or separate title eng
Language code of original chi
050 00 - LIBRARY OF CONGRESS CALL NUMBER
Classification number BL1825
Item number .C41213 2009
082 ## - DEWEY DECIMAL CLASSIFICATION NUMBER
Classification number 398.2095
Author Mark PEN
100 1# - MAIN ENTRY--PERSONAL NAME
Personal name Chen, Lianshan.
9 (RLIN) 125590
240 10 - UNIFORM TITLE
Uniform title Zhongguo shen hua chuan shuo.
Language of a work English
245 10 - TITLE STATEMENT
Title Chinese myths & legends :
Remainder of title legends of the universe, deities and heroes /
Statement of responsibility, etc. Chen Lianshan ; translated by Zhang Fengru & Chen Shanshan.
250 ## - EDITION STATEMENT
Edition statement 1st ed.
260 ## - PUBLICATION, DISTRIBUTION, ETC.
Place of publication, distribution, etc. Beijing :
Name of publisher, distributor, etc. China Intercontinental Press, ;
Date of publication, distribution, etc. 2009.
300 ## - PHYSICAL DESCRIPTION
Extent 143 :
Other physical details ill. (some col.) ;
Dimensions 23 cm.
490 0# - SERIES STATEMENT
Series statement Cultural China series
563 ## - BINDING INFORMATION
Binding note Paperback.
650 #0 - SUBJECT ADDED ENTRY--TOPICAL TERM
Topical term or geographic name entry element Mythology, Chinese.
9 (RLIN) 125591
650 #0 - SUBJECT ADDED ENTRY--TOPICAL TERM
Topical term or geographic name entry element Legends
Geographic subdivision China.
9 (RLIN) 125592
650 #0 - SUBJECT ADDED ENTRY--TOPICAL TERM
Topical term or geographic name entry element Folklore
Geographic subdivision China.
9 (RLIN) 12668
906 ## - LOCAL DATA ELEMENT F, LDF (RLIN)
a 7
b cbc
c orignew
d 3
e ncip
f 20
g y-gencatlg
942 ## - ADDED ENTRY ELEMENTS (KOHA)
Source of classification or shelving scheme
Koha item type Book
Holdings
Withdrawn status Lost status Source of classification or shelving scheme Damaged status Not for loan Permanent Location Current Location Shelving location Date acquired Source of acquisition Total Checkouts Total Renewals Full call number Barcode Date last seen Date last checked out Price effective from Koha item type
          Central Library (CL) Central Library (CL) Chinese Studies 09/02/2024 Donated by Chinese Studies Center 1 3 398.2095 PEN CL-D-2648 02/24/2026 07/18/2025 09/02/2024 Book
© 2023 Central Library, National University of Sciences and Technology. All Rights Reserved.